000 00787nam a2200265Ia 4500
005 20260121172514.0
008 008 260114s9999 xx 000 0 eng d
020 _a9783030633998
037 _aEBOOK
040 _aCRL
040 _beng
040 _cCRL
041 _2eng
041 _aeng
084 _qCRL
100 _aWalter Leal Filho, Amanda Lange Salvia, Luciana Brandli, Ulisses M. Azeiteiro, Rudi Pretorius
_91089254
245 0 _aUniversities, Sustainability and Society: Supporting the Implementation of the Sustainable Development Goals
260 _bSpringer
260 _bSpringer
260 _c2021
856 _uhttps://link.springer.com/openurl?genre=book&isbn=978-3-030-63399-8
942 _cEBOOK
999 _c1654993
_d1654993